|
|
|
|
| LEADER |
00662nab a2200181 i 4500 |
| 001 |
acta21346 |
| 005 |
20210610134123.0 |
| 008 |
161015s1942 hu o 0|| ger d |
| 022 |
|
|
|a 0324-6817
|
| 040 |
|
|
|a SZTE Egyetemi Kiadványok Repozitórium
|b hun
|
| 041 |
|
|
|a ger
|
| 100 |
1 |
|
|a Ábrahám Ambrus
|
| 245 |
1 |
0 |
|a Über das Nervensystem des Glomus Caroticum beim Menschen
|h [elektronikus dokumentum] /
|c Ábrahám Ambrus
|
| 260 |
|
|
|c 1942
|
| 300 |
|
|
|a 32-50
|
| 490 |
0 |
|
|a Acta Universitatis Szegediensis : sectio scientarium naturalium : pars zoologica
|v 1
|
| 695 |
|
|
|a Biológia
|
| 856 |
4 |
0 |
|u http://acta.bibl.u-szeged.hu/21346/1/zoologica_001_032-050.pdf
|z Dokumentum-elérés
|